000 00707nam a2200217Ia 4500
008 220216s9999 xx 000 0 und d
100 _aJacob J-L
245 4 _aThe biological mechanisms controlling Hevea brasiliensis rubber yield
260 _bIRRDB Symposium on Natural rubber(Hevea brasiliensis) V.II: Physiology and Exlpoitation and Crop Protection and Planting Methods Sessions, Vietnam, 14-15 October 1997; p1-11
650 _aHevea brasiliensis
650 _aLatex regeneration
650 _aRubber yield
700 _aClement A
700 _aGallois R
700 _aGohet E
700 _aJoet T
700 _aLacote R
700 _aPrevot J B
700 _aPujad......
942 _cJS
999 _c70480
_d70480